Policing liberal society (Record no. 355868)

000 -LEADER
fixed length control field 00327cam a22001217a 4500
008 - FIXED-LENGTH DATA ELEMENTS--GENERAL INFORMATION
fixed length control field 180718b1988 xxu||||| |||| 00| 0 eng d
082 ## - DEWEY DECIMAL CLASSIFICATION NUMBER
Classification number N4x42 Ug6
100 ## - MAIN ENTRY--PERSONAL NAME
Personal name Uglow, Steve
245 ## - TITLE STATEMENT
Title Policing liberal society
Statement of responsibility, etc. by Steve Uglow
260 ## - PUBLICATION, DISTRIBUTION, ETC.
Place of publication, distribution, etc. Oxford
Name of publisher, distributor, etc. Oxford University Press
Date of publication, distribution, etc. 1988
300 ## - PHYSICAL DESCRIPTION
Extent 165p.
650 ## - SUBJECT ADDED ENTRY--TOPICAL TERM
Topical term or geographic name entry element Police - U.K.
Holdings
Withdrawn status Lost status Damaged status Not for loan Permanent Location Current Location Date acquired Full call number Barcode Date last seen Price effective from Koha item type
        Indian Institute of Public Administration Indian Institute of Public Administration 1993-12-26 N4x42 Ug6 63988 2018-07-21 2018-07-21 Book

Powered by Koha